ბათუმის შოთა რუსთაველის სახელმწიფო უნივერსიტეტის ბიბლიოთეკა

ფსევდონიმების ლექსიკონი. (ბიბ.ჩანაწერი № 44343)

000 -LEADER
fixed length control field 00859nam a2200217Ia 4500
001 - CONTROL NUMBER
control field 11104
003 - CONTROL NUMBER IDENTIFIER
control field GE_BSU
008 - FIXED-LENGTH DATA ELEMENTS--GENERAL INFORMATION
fixed length control field 181216s||||||||xx |||||||||||||| ||und||
040 ## - CATALOGING SOURCE
Transcribing agency GE_BSU
080 ## - UNIVERSAL DECIMAL CLASSIFICATION NUMBER
Universal Decimal Classification number 014.12(038)
100 ## - MAIN ENTRY--PERSONAL NAME
Personal name მიქაძე,გივი
245 ## - TITLE STATEMENT
Title ფსევდონიმების ლექსიკონი.
245 ## - TITLE STATEMENT
Statement of responsibility, etc. რედ.ს.ხადური; მხატვ.გ.ლომიძე.
260 ## - PUBLICATION, DISTRIBUTION, ETC.
Place of publication, distribution, etc. თბილისი
260 ## - PUBLICATION, DISTRIBUTION, ETC.
Name of publisher, distributor, etc. მეცნიერება.
260 ## - PUBLICATION, DISTRIBUTION, ETC.
Date of publication, distribution, etc. 1984.
300 ## - PHYSICAL DESCRIPTION
Extent 139გვ;20სმ.
300 ## - PHYSICAL DESCRIPTION
Accompanying material ფსევდონიმების ანბანური საძიებელი გვ.63; ავტორთა ანბ.საძიებელი გვ.111.
653 ## - INDEX TERM--UNCONTROLLED
Uncontrolled term ფსევდონიმების ლექსიკონი.
942 ## - ADDED ENTRY ELEMENTS (KOHA)
Koha item type წიგნი
ეგზემპლარები
Withdrawn status Lost status Damaged status Not for loan Date acquired Barcode Date last seen Price effective from Koha item type
        2018-12-17 19356 2018-12-17 2018-12-17 წიგნი
        2018-12-17 19357 2018-12-17 2018-12-17 წიგნი